00721mam a2200253 a 45000010008000000030004000080050017000120080041000290200015000700400013000850500016000981000023001142450077001372500014002142600038002283000028002665000074002945040020003685050015003886500015004037000021004189420012004399990016004511996744OSt20220118152852.0961011s1998 txua b 001 0 eng d a0155188410 aNNCcNNC 4aHB171.5.B321 aBaumol, William J.10aEconomics: principles and policy. /cWilliam J. Baumol, Alan S. Blinder. a3rd ed.,  aNew York:bHarcourt Brace,c1985. axxxii, 875 p. :bill. ; a"Text has been updated to reflect the most current data"--T.p. verso. aIncludes index. aContents:  0aEconomics.1 aBlinder, Alan S. 2lcccBK c8433d15933